LEADER 00798nam0-2200289 --450 001 9911010874203321 005 20250703121005.0 100 $a20250703d1956----kmuy0itay5050 ba 101 0 $ager 102 $aDE 105 $a 001yy 200 1 $a<>Stadtklima$fAlbert P. Kratzer 205 $a2. neubearbeitete und erweiterte Aufl 210 $aBraunschweig$cF. Vieweg & Sohn$d1956 215 $aVIII, 184 p.$cill.$d22 cm 225 1 $a<>Wissenschaft$v90 610 0 $aClimatology 610 0 $aCities and towns 676 $a661.691732$v21 700 1$aKratzer,$bP. Albert$01829937 801 0$aIT$bUNINA$gREICAT$2UNIMARC 901 $aBK 912 $a9911010874203321 952 $aCER 270$b276$fDARPU 959 $aDARPU 996 $aStadtklima$94400076 997 $aUNINA